01374nam a22003617a 4500003000900000005001700009007000200026008003400028020002600062020000600088040002200094082002900116092000900145100003800154245013400192246002300326260005600349300002800405500003200433505004800465534005800513590002600571650003000597650004000627650003100667700003800698700003200736740004000768910004100808942001200849952013400861999001700995DO-SdBNP20240425111523.0 151111b2005 xx |||| 00| 0 spa d a139780060884307 (v.6) a  aBPMSUbspacBPMSU a891.623 bL673s 2005222 a b 1 aLewis, Clive Staples,d1898-1963.14aLas crónicas de Narnia :b la silla de plata /c C. S. Lewis ; traducción de Gemma Gallart ; ilustraciones de Pauline Baynes.12aLa silla de plata  aMéxico :bEditorial Planeta,c2005 reimp. 2011c  a297 p. :bil.; c21 cm. aRecomendado para jóvenes  av. 5 : La travesía del viajero del alba  aTítulo original :tThe voyage of the dawn treader . aInventariado, 2024/VM 4aNovela juvenil irlandesa. 4aReyes y soberanos vNovela juvenil. 4aCastillos vNovela juvenil1 aBaynes, Pauline, eilustraciones 1 aGallart, Gemma, etraductor aLa travesía del viajero del alba  aVMateo V. Control de calidad. BPMSU  2ddccBK 00102ddc40708CJ-DaBPMETbBPMETd2024-04-25l0oBPMSU CJG 891.623 L673s 2005pBPMSU24040027r2024-04-25tv.6w2024-04-25yBK c14637d14637